Promovemos un espacio público de calidad : Área de Infraestructuras, Urbanismo y Vivienda Área de Infraestructuras, Urbanismo y Vivienda
Publicado:
Barcelona :
Diputació de Barcelona. Àrea d'Infraestructures, Urbanisme i Habitatge ,
2010
Descripción Física:
[10] p. ; 21 cm
MARC
| LEADER | 00000nam a2200000Ia 4500 | ||
|---|---|---|---|
| 001 | 23108 | ||
| 008 | 160829s2010 xx 000 0 cat d | ||
| 080 | |a FU-59-29 | ||
| 245 | |a Promovemos un espacio público de calidad : |b Área de Infraestructuras, Urbanismo y Vivienda | ||
| 260 | |a Barcelona : |b Diputació de Barcelona. Àrea d'Infraestructures, Urbanisme i Habitatge, |c 2010 | ||
| 300 | |a [10] p. ; |c 21 cm | ||
| 590 | |a A la coberta: Buenos servicios para los ayuntamientos, más bienestar para la ciudadanía | ||
| 650 | 0 | |a Urbanisme |z Barcelona (Catalunya : Província) |9 18405 | |
| 650 | |a Barcelona. Diputació. Àrea d'Infraestructures, Urbanisme i Habitatge | ||
| 710 | |a Barcelona (Catalunya : Província). |b Àrea d'Infraestructures, Urbanisme i Habitatge |9 13533 | ||
| 901 | |a Arxiu | ||
| 942 | |n 1 | ||
| 952 | |0 0 |1 0 |4 0 |6 FU5929 |7 1 |9 51771 |a Arxiu |b Arxiu |d 2016-12-01 |l 0 |o FU-59-29 |p 23108 |r 2016-12-01 00:00:00 |w 2016-12-01 |y ARXIU | ||
| 999 | |c 55617 |d 55617 | ||